|
|
|
|
| LEADER |
00674pam a22002058a 4500 |
| 001 |
00015658 |
| 005 |
20171026081022.0 |
| 008 |
110330s1985 ||||||Viesd |
| 041 |
0 |
# |
|a Vie
|
| 082 |
1 |
4 |
|b B101H
|a 895.922 803
|
| 100 |
0 |
# |
|a Trần Dương
|
| 245 |
0 |
0 |
|a Bác Hồ như chúng tôi đã biết
|c Trần Dương
|
| 260 |
# |
# |
|a H.
|b Thanh niên
|c 1985
|
| 300 |
# |
# |
|a 181 tr.
|c 19 cm.
|
| 653 |
# |
# |
|a Hồ Chí Minh
|a Hồi ký
|
| 852 |
# |
# |
|b Kho mượn
|j KM.0007175
|
| 852 |
# |
# |
|b Kho đọc
|j KD.0001040
|
| 852 |
# |
# |
|j KD.0001040
|j KM.0007175
|
| 910 |
|
|
|d 30/03/2011
|
| 980 |
# |
# |
|a Trung tâm Học liệu Lê Vũ Hùng, Trường Đại học Đồng Tháp
|